Mudrci v Biblii

Bibliographic Details
Main Author: Gilbert, Maurice (Author)
Format: Article
Language:Slovak
ISSN:1336-0205
Subjects:

MARC

LEADER 00000nab a2200000 ar4500
001 vtls008998153
003 SK-MaSNL
005 20260303065833.0
008 070612c2007 xo qr|p|||||||000 b|slo
015 |a SNBRB2007/06 
038 |a SNKBUCL 
040 |a SNKBUCL  |b slo  |e AACR2  |c SNKBUCL 
041 0 |a slo 
044 |a xo  |c SK 
080 |a 222/224  |2 1997 
080 |a 241.521  |2 1997 
100 1 |a Gilbert, Maurice  |4 aut  |9 1066437 
245 1 0 |a Mudrci v Biblii  |c Maurice Gilbert 
630 0 7 |a Biblia  |p Starý zákon  |2 snkbucl  |9 185646 
650 0 7 |a spravodlivosť  |2 snkbucl  |9 2634 
773 0 |t Sväté písmo pre každého  |g Roč. VII, č. 6 (2007), s. 28-29  |x 1336-0205 
852 |a SNK  |b KIS3GCP 
958 |a SK 
958 |a NT 
999 |c 1752942  |d 1754872